[Event "40th ECC Open 2025"]
[Site "Rhodes GRE"]
[Date "2025.10.22"]
[Round "4.140"]
[White "Aliferenko, Aleksei"]
[Black "Pultinevicius, Paulius"]
[Result "0-1"]
[BlackTitle "GM"]
[WhiteElo "2200"]
[BlackElo "2532"]
[WhiteTeam "Differdange"]
[BlackTeam "Vilnius MRU-ROSK Consulting"]
[WhiteFideId "14111977"]
[BlackFideId "12809390"]
[EventDate "2025.10.19"]
[EventType "team"]

1. d4 Nf6 2. c4 g6 3. h4 c5 4. d5 b5 5. cxb5 a6 6. h5 Nxh5 7. Rxh5 gxh5 8. e4
axb5 9. Bxb5 Rg8 10. Qxh5 Rxg2 11. Nf3 Qb6 12. Nc3 Ba6 13. Qh3 Rg6 14. Ba4 Bd3
15. b3 Bg7 16. Bd2 Qf6 17. O-O-O Bxe4 18. Nh4 Rh6 19. Bxh6 Bxh6+ 20. Kb2 Qxf2+
21. Ka3 Qc2 22. Qg3 Qc1+ 23. Rxc1 Bxc1# 0-1

[Event "40th ECC Open 2025"]
[Site "Rhodes GRE"]
[Date "2025.10.22"]
[Round "4.141"]
[White "Klabis, Rokas"]
[Black "Bruch, Jochen"]
[Result "1-0"]
[WhiteTitle "IM"]
[BlackTitle "FM"]
[WhiteElo "2391"]
[BlackElo "2149"]
[WhiteTeam "Vilnius MRU-ROSK Consulting"]
[BlackTeam "Differdange"]
[WhiteFideId "12805246"]
[BlackFideId "4615573"]
[EventDate "2025.10.19"]
[EventType "team"]

1. e4 e6 2. d4 d5 3. exd5 exd5 4. Bd3 Nf6 5. h3 c5 6. dxc5 Bxc5 7. Nf3 Nc6 8.
O-O O-O 9. Nbd2 Nb4 10. Nb3 Nxd3 11. Qxd3 Be7 12. Bf4 Bd7 13. Rad1 a6 14. Rfe1
Rc8 15. c3 Re8 16. Be5 Bb5 17. Qb1 Ba4 18. Rd2 Qb6 19. Bd4 Qb5 20. Rde2 Ne4 21.
Nbd2 Nxd2 22. Nxd2 Qd7 23. Nf3 Bd6 24. Ng5 g6 25. Nf3 Rxe2 26. Rxe2 Re8 27. Ne5
Bxe5 28. Rxe5 Rxe5 29. Bxe5 Qe6 30. Bd4 f6 31. Qc1 g5 32. b3 Bc6 33. Qd1 Kg7 34.
Qf3 Bd7 35. Qg3 Kg6 36. Qc7 Bc6 37. Qb8 h5 38. Qf8 h4 39. Kh2 Bd7 40. Qb8 Bc6
41. a4 Kg7 42. Qd8 Kg6 43. Qh8 Bd7 44. Qf8 Bc6 45. Qd8 Bd7 46. Qc7 Bc6 47. Qb8
Kg7 48. a5 Kg6 49. f4 Qf7 50. Qd6 Kf5 51. fxg5 fxg5 52. Qe5+ Kg6 53. Kg1 Kh6 54.
Be3 Qg7 55. Qe6+ Qg6 56. Qg4 Qh5 57. Qf5 Qg6 58. Qf8+ Kh5 59. Qh8+ Qh6 60. Qe5
Qg6 61. Kh2 Qg8 62. Qf5 d4 63. Qg4+ Kg6 64. Qxg5+ Kf7 65. Qxg8+ Kxg8 66. Bxd4
Kf7 67. Bf2 1-0

[Event "40th ECC Open 2025"]
[Site "Rhodes GRE"]
[Date "2025.10.22"]
[Round "4.142"]
[White "Bourg, Nicolas"]
[Black "Vedrickas, Tautvydas"]
[Result "1-0"]
[WhiteTitle "CM"]
[BlackTitle "FM"]
[WhiteElo "2140"]
[BlackElo "2308"]
[WhiteTeam "Differdange"]
[BlackTeam "Vilnius MRU-ROSK Consulting"]
[WhiteFideId "4006160"]
[BlackFideId "12802654"]
[EventDate "2025.10.19"]
[EventType "team"]

1. e4 g6 2. d4 Bg7 3. c3 d5 4. exd5 Qxd5 5. Qf3 Nf6 6. Nd2 O-O 7. Bc4 Qd6 8. Ne2
Nc6 9. Ng3 Bg4 10. Qd3 Na5 11. h3 Bd7 12. O-O Rad8 13. Bb5 e5 14. dxe5 Qxe5 15.
Bxd7 Rxd7 16. Qc2 Rfd8 17. b4 Nc6 18. Nf3 Qd5 19. Bb2 Qc4 20. Rfe1 a6 21. a3 Nd4
22. Nxd4 Rxd4 23. Re2 Rd3 24. Rae1 h6 25. Nf1 Nh5 26. Re4 Qa2 27. Ra1 Qd5 28.
Rae1 Rd7 29. c4 Qg5 30. h4 Rd2 31. Nxd2 Qxd2 32. Qxd2 Rxd2 33. Re8+ Kh7 34. Bxg7
Kxg7 35. R8e7 c5 36. Rxb7 1-0

[Event "40th ECC Open 2025"]
[Site "Rhodes GRE"]
[Date "2025.10.22"]
[Round "4.143"]
[White "Sakalauskas, Vaidas"]
[Black "Gengler, Pierre"]
[Result "0-1"]
[WhiteTitle "IM"]
[WhiteElo "2317"]
[BlackElo "2084"]
[WhiteTeam "Vilnius MRU-ROSK Consulting"]
[BlackTeam "Differdange"]
[WhiteFideId "12800457"]
[BlackFideId "4000714"]
[EventDate "2025.10.19"]
[EventType "team"]

1. d4 Nf6 2. c4 e6 3. Nc3 Bb4 4. Bd2 O-O 5. e3 c5 6. a3 Bxc3 7. Bxc3 cxd4 8.
Qxd4 Nc6 9. Qh4 e5 10. Nf3 d6 11. O-O-O Qc7 12. Bd3 Ne7 13. g4 Ng6 14. Qg3 Bxg4
15. Rdg1 b5 16. h3 Bh5 17. Nd2 bxc4 18. Nxc4 Rac8 19. Kb1 Qb8 20. Ka2 Qb5 21. b3
Qd5 22. e4 Nxe4 23. Bxe4 Qxe4 24. Bb2 Rfd8 25. Re1 Qf3 26. Qg5 f6 27. Qd2 d5 28.
Ne3 d4 29. Ng4 Rb8 30. b4 Nf4 31. Rhg1 Bf7+ 32. Ka1 Ng6 33. h4 Rdc8 34. Rg3 Qd5
35. Bc1 f5 36. Nh6+ gxh6 37. h5 f4 38. hxg6 hxg6 39. Rh3 Kg7 40. Reh1 Rb6 0-1

[Event "40th ECC Open 2025"]
[Site "Rhodes GRE"]
[Date "2025.10.22"]
[Round "4.144"]
[White "Barthel, Ansgar"]
[Black "Setkauskas, Vaidas"]
[Result "1/2-1/2"]
[WhiteElo "2055"]
[BlackElo "2272"]
[WhiteTeam "Differdange"]
[BlackTeam "Vilnius MRU-ROSK Consulting"]
[WhiteFideId "4643461"]
[BlackFideId "12803936"]
[EventDate "2025.10.19"]
[EventType "team"]

1. e4 c5 2. b3 Nf6 3. e5 Nd5 4. Bb2 g6 5. Nc3 Nxc3 6. Bxc3 Bg7 7. h4 e6 8. h5
Nc6 9. Nf3 Qc7 10. Bd3 Nd4 11. hxg6 hxg6 12. Rxh8+ Bxh8 13. Nxd4 cxd4 14. Bxd4
Bxe5 15. Qg4 Qd6 16. Bc3 Qc5 17. Qc4 Qxc4 18. Bxc4 Bxc3 19. dxc3 b6 20. f4 Bb7
21. Kf2 Rc8 22. Rh1 Ke7 23. Rh3 Rc5 24. Be2 Rf5 25. g3 Rc5 26. c4 d5 27. Rh8
dxc4 28. Bxc4 Be4 29. Rb8 Ra5 30. b4 Ra4 31. c3 Ra3 32. Bb3 Bb1 33. Rb7+ Kf6 34.
Ke3 Bxa2 35. Bxa2 Rxa2 36. g4 e5 37. fxe5+ Ke6 38. Kf4 Rf2+ 39. Kg5 Rc2 40. Rxa7
Rxc3 41. Rb7 Rc4 42. Rxb6+ Kxe5 43. Rb5+ Ke6 44. Rb6+ Ke5 45. Rb5+ Ke6 46. Rb6+
Ke5 1/2-1/2

[Event "40th ECC Open 2025"]
[Site "Rhodes GRE"]
[Date "2025.10.22"]
[Round "4.145"]
[White "Ostlund, Joar"]
[Black "Ten Hertog, Hugo"]
[Result "1-0"]
[WhiteTitle "FM"]
[BlackTitle "GM"]
[WhiteElo "2361"]
[BlackElo "2532"]
[WhiteTeam "Wasa SK"]
[BlackTeam "Paul Keres #1"]
[WhiteFideId "1735020"]
[BlackFideId "1026356"]
[EventDate "2025.10.19"]
[EventType "team"]

1. d4 Nf6 2. c4 e6 3. Nf3 d5 4. Nc3 dxc4 5. e4 b5 6. e5 Nd5 7. Nxb5 Nb6 8. Be2
Nc6 9. Be3 Bb7 10. a3 Qd7 11. Nc3 Ne7 12. Qc2 Rb8 13. O-O Nf5 14. Rad1 Be7 15.
Ne4 Qa4 16. Qb1 Nd5 17. Bg5 f6 18. Bd2 O-O 19. Rc1 Ba6 20. exf6 gxf6 21. Rfe1
Qb3 22. Nc3 Qb7 23. b4 Nxc3 24. Rxc3 Qd5 25. Qc2 Nd6 26. Nh4 f5 27. Rg3+ Kh8 28.
Bf3 Ne4 29. Bxe4 fxe4 30. Rxe4 Bf6 31. Reg4 Rg8 32. Ng6+ Rxg6 33. Rxg6 Rf8 34.
Rh6 Qd7 35. h3 Bb7 36. d5 exd5 37. Rf3 Qg7 38. Bg5 Kg8 39. Rhxf6 1-0

[Event "40th ECC Open 2025"]
[Site "Rhodes GRE"]
[Date "2025.10.22"]
[Round "4.146"]
[White "Ootes, Lars"]
[Black "Wernberg, Hugo"]
[Result "0-1"]
[WhiteTitle "IM"]
[BlackTitle "FM"]
[WhiteElo "2357"]
[BlackElo "2263"]
[WhiteTeam "Paul Keres #1"]
[BlackTeam "Wasa SK"]
[WhiteFideId "1019708"]
[BlackFideId "1737511"]
[EventDate "2025.10.19"]
[EventType "team"]

1. c4 b6 2. e4 Bb7 3. Nc3 e5 4. Nge2 Nf6 5. f3 c5 6. d3 g6 7. Be3 h5 8. Qd2 a6
9. Ng1 Nc6 10. Be2 Nd4 11. Nh3 d6 12. Bd1 Bc8 13. Ng5 Bg7 14. O-O O-O 15. h3 b5
16. b3 b4 17. Ne2 Ne8 18. h4 f6 19. Nh3 Bxh3 20. gxh3 Nxe2+ 21. Bxe2 f5 22. Bg5
Bf6 23. f4 Bxg5 24. hxg5 Ng7 25. Bf3 exf4 26. exf5 Qxg5+ 27. Qg2 Qxg2+ 28. Bxg2
Rae8 29. fxg6 Re3 30. Bd5+ Kh8 31. Bf7 Rxh3 32. Rxf4 Rg3+ 33. Kh2 Rxg6 34. Raf1
Rh6 35. Kh3 Ne6 36. Rf5 Nd4 37. R5f2 Nc6 38. Bd5 Rxf2 39. Rxf2 Ne5 40. Rf8+ Kg7
41. Rg8+ Kf6 42. Be4 Ng4 43. Kh4 Ke5 44. Kg5 Re6 45. Bf5 Re7 46. Bxg4 hxg4 47.
Kxg4 Kd4 48. Rg6 Kxd3 49. Rxd6+ Kc3 50. Rxa6 Rf7 51. Ra5 Kb2 52. Kg3 Rf1 53. Kg2
Ra1 54. Kf3 Rxa2 55. Rxc5 Kxb3 56. Ke4 Kc3 57. Rc8 b3 58. Rb8 Ra4 59. Kd5 Rxc4 0-1

[Event "40th ECC Open 2025"]
[Site "Rhodes GRE"]
[Date "2025.10.22"]
[Round "4.147"]
[White "Cramling, Dan"]
[Black "Kerigan, Demre"]
[Result "1/2-1/2"]
[WhiteTitle "IM"]
[BlackTitle "IM"]
[WhiteElo "2319"]
[BlackElo "2358"]
[WhiteTeam "Wasa SK"]
[BlackTeam "Paul Keres #1"]
[WhiteFideId "1700162"]
[BlackFideId "6307841"]
[EventDate "2025.10.19"]
[EventType "team"]

1. d4 d6 2. c4 e5 3. d5 a5 4. Nc3 Na6 5. e4 g6 6. a3 Bd7 7. Rb1 Nc5 8. b4 axb4
9. axb4 Na4 10. Qc2 Bh6 11. Bxh6 Nxh6 12. Nxa4 Rxa4 13. Ne2 O-O 14. Nc3 Ra8 15.
Bd3 f5 16. O-O fxe4 17. Bxe4 Qh4 18. f3 Nf5 19. Qd2 Nd4 20. Ne2 Nxe2+ 21. Qxe2
Ra3 22. Ra1 Rfa8 23. Qb2 R3a4 24. Rxa4 Rxa4 25. Ra1 b6 26. g3 Qg5 27. Rxa4 Qe3+
28. Qf2 Qc1+ 29. Qf1 Qe3+ 30. Qf2 Qc1+ 31. Qf1 1/2-1/2

[Event "40th ECC Open 2025"]
[Site "Rhodes GRE"]
[Date "2025.10.22"]
[Round "4.148"]
[White "Ondersteijn, Niels"]
[Black "Wedberg, Tom"]
[Result "0-1"]
[WhiteTitle "IM"]
[BlackTitle "GM"]
[WhiteElo "2368"]
[BlackElo "2340"]
[WhiteTeam "Paul Keres #1"]
[BlackTeam "Wasa SK"]
[WhiteFideId "1011162"]
[BlackFideId "1700073"]
[EventDate "2025.10.19"]
[EventType "team"]

1. Nf3 d6 2. c4 e5 3. Nc3 f5 4. d4 e4 5. Ng1 Nf6 6. g3 Be7 7. Bg2 c6 8. f3 d5 9.
cxd5 cxd5 10. Bg5 Nc6 11. Nh3 Be6 12. e3 O-O 13. O-O h6 14. Nf4 Bf7 15. Bxf6
Bxf6 16. fxe4 fxe4 17. b4 Qd6 18. a3 Ne7 19. Bh3 Bg5 20. Qb3 a6 21. Rf2 Kh7 22.
Raf1 Bg8 23. Ng2 Rxf2 24. Rxf2 Rd8 25. Na4 b6 26. Qd1 Be6 27. Bxe6 Qxe6 28. h4
Bf6 29. Nf4 Qc6 30. Nh5 Rf8 31. Qc2 Qd6 32. Qe2 Qc6 33. Qc2 Qd6 34. Kg2 g6 35.
Nf4 Nf5 36. Qe2 Bxh4 37. gxh4 Nxh4+ 38. Kh3 Nf3 39. Nc3 Ng1+ 0-1

[Event "40th ECC Open 2025"]
[Site "Rhodes GRE"]
[Date "2025.10.22"]
[Round "4.149"]
[White "Astrom, Goran"]
[Black "Lombaers, Peter"]
[Result "1/2-1/2"]
[WhiteTitle "FM"]
[BlackTitle "FM"]
[WhiteElo "2170"]
[BlackElo "2294"]
[WhiteTeam "Wasa SK"]
[BlackTeam "Paul Keres #1"]
[WhiteFideId "1700847"]
[BlackFideId "1032852"]
[EventDate "2025.10.19"]
[EventType "team"]

1. e4 c5 2. Nf3 Nc6 3. d4 cxd4 4. Nxd4 Nf6 5. Nc3 e5 6. Ndb5 d6 7. Bg5 a6 8. Na3
b5 9. Nd5 Be7 10. Bxf6 Bxf6 11. c3 Ne7 12. Nxf6+ gxf6 13. Nc2 Bb7 14. Bd3 d5 15.
Qe2 f5 16. exf5 e4 17. f6 Nf5 18. O-O Rg8 19. f3 Kf8 20. fxe4 dxe4 21. Rxf5 exd3
22. Qe7+ Qxe7 23. fxe7+ Kxe7 24. Ne1 d2 25. Nf3 b4 26. Rd1 bxc3 27. bxc3 Rad8
28. g3 Bxf3 29. Rxf3 Rg5 30. Rf2 Rgd5 31. Re2+ Kf6 32. c4 Rd3 33. c5 Kg5 34. c6
f5 35. c7 Rc8 36. Rdxd2 Rxd2 37. Rxd2 Rxc7 38. Kg2 a5 39. h4+ Kf6 40. Kf3 Rc3+
41. Kf4 Rc4+ 42. Kf3 Ra4 43. Re2 Kg6 44. Rc2 Kf7 45. Re2 Kf6 46. Rc2 Ke6 47.
Rc6+ Ke5 48. Rc5+ Ke6 49. Rc6+ Kd5 50. Rh6 Ke5 51. Rxh7 Ra3+ 52. Kf2 Rxa2+ 53.
Kf3 Ra3+ 54. Kf2 a4 55. Ra7 Ra2+ 56. Kf3 a3 57. h5 Kf6 1/2-1/2

[Event "40th ECC Open 2025"]
[Site "Rhodes GRE"]
[Date "2025.10.22"]
[Round "4.150"]
[White "Wemmers, Xander"]
[Black "Wenzel, Birger"]
[Result "1-0"]
[WhiteTitle "IM"]
[BlackTitle "CM"]
[WhiteElo "2316"]
[BlackElo "2035"]
[WhiteTeam "Paul Keres #1"]
[BlackTeam "Wasa SK"]
[WhiteFideId "1004182"]
[BlackFideId "4657497"]
[EventDate "2025.10.19"]
[EventType "team"]

1. d4 Nf6 2. c4 e6 3. Nf3 b6 4. g3 Bb7 5. Bg2 Be7 6. O-O O-O 7. Nc3 Ne4 8. Bd2
Bf6 9. Re1 c5 10. d5 exd5 11. cxd5 Nxd2 12. Nxd2 d6 13. e4 Ba6 14. Qa4 Qd7 15.
Qc2 b5 16. a3 Bb7 17. f4 Bd4+ 18. Kh1 Na6 19. Rad1 g6 20. Nf3 Bg7 21. e5 Nc7 22.
Ne4 Bxd5 23. exd6 Bxe4 24. Qxe4 Ne6 25. Ne5 Bxe5 26. Qxe5 Rac8 27. f5 Nd4 28.
fxg6 hxg6 29. b4 Rfe8 30. Qd5 Ne6 31. Qb7 Qxb7 32. Bxb7 Rb8 33. Bc6 Red8 34.
bxc5 b4 35. axb4 Rxb4 36. Rxe6 fxe6 37. Bf3 Rb3 38. Kg2 Rb2+ 39. Kg1 Rf8 40. c6
Rxf3 41. d7 1-0

[Event "40th ECC Open 2025"]
[Site "Rhodes GRE"]
[Date "2025.10.22"]
[Round "4.151"]
[White "Crevatin, Leo"]
[Black "Kurmann, Oliver"]
[Result "1/2-1/2"]
[WhiteTitle "FM"]
[BlackTitle "IM"]
[WhiteElo "2273"]
[BlackElo "2409"]
[WhiteTeam "SK Rockaden #2 (SWE)"]
[BlackTeam "SG Winterthur"]
[WhiteFideId "1726307"]
[BlackFideId "1308173"]
[EventDate "2025.10.19"]
[EventType "team"]

1. d4 d5 2. c4 e6 3. Nf3 Nf6 4. g3 Be7 5. Bg2 O-O 6. Nc3 dxc4 7. Ne5 Nbd7 8.
Nxc4 Nb6 9. Nxb6 axb6 10. O-O c6 11. Bg5 b5 12. e3 b4 13. Bxf6 Bxf6 14. Ne4 Be7
15. Qc2 Qa5 16. f4 Rd8 17. Rfc1 Bd7 18. Nc5 Qb6 19. Qb3 Ra5 20. Nxd7 Rxd7 21.
Kh1 Qa7 22. Qc4 g6 23. Rd1 Ra4 24. Be4 Kg7 25. Bc2 Ra5 26. Bb3 Qa8 27. Qe2 Qd8
28. Rac1 h5 29. h4 Qb6 30. Qf3 Ra8 31. Qe4 Rad8 32. Rd3 Bf6 33. Rdd1 Rd6 34. Qc2
R6d7 35. Qe4 Qb5 36. Bc4 Qa5 37. Bb3 Qa6 38. Bc4 Qa7 39. Bb3 Rd6 40. Qf3 Be7 41.
Qe4 R6d7 42. Qe5+ Bf6 43. Qe4 Be7 44. Qe5+ Bf6 45. Qe4 1/2-1/2

[Event "40th ECC Open 2025"]
[Site "Rhodes GRE"]
[Date "2025.10.22"]
[Round "4.152"]
[White "Gaehwiler, Gabriel"]
[Black "Hedman, Erik"]
[Result "1/2-1/2"]
[WhiteTitle "IM"]
[BlackTitle "IM"]
[WhiteElo "2380"]
[BlackElo "2264"]
[WhiteTeam "SG Winterthur"]
[BlackTeam "SK Rockaden #2 (SWE)"]
[WhiteFideId "1314530"]
[BlackFideId "1702351"]
[EventDate "2025.10.19"]
[EventType "team"]

1. d4 Nf6 2. c4 e6 3. Nf3 Bb4+ 4. Bd2 Qe7 5. g3 Nc6 6. Bg2 Bxd2+ 7. Nbxd2 O-O 8.
O-O d6 9. e4 e5 10. d5 Nb8 11. Ne1 a5 12. Nd3 Na6 13. Nb1 Bg4 14. f3 Bd7 15. Nc3
c6 16. Qd2 cxd5 17. cxd5 b5 18. a3 b4 19. axb4 axb4 20. Ne2 Bb5 21. Rfd1 Qa7+
22. Kh1 Bxd3 23. Qxd3 Qb6 24. Bh3 Nc5 25. Qc4 h5 26. Kg2 g6 27. Kh1 Kg7 28. Kg2
Rh8 29. Rdb1 Rhf8 30. Rd1 Nh7 31. Kh1 Rh8 32. f4 Nf6 33. fxe5 Nfxe4 34. Qd4 dxe5
35. Qxe5+ Kh7 36. Rxa8 Nf2+ 37. Kg2 Rxa8 38. Rf1 Ncd3 39. Qe7 Ra7 40. Bd7 Kg7
41. Nc1 Qc5 42. Qxc5 Nxc5 43. Kxf2 Rxd7 44. Rd1 Kf6 45. Ke3 Ke5 46. Na2 Na4 47.
Nxb4 Nxb2 48. Rb1 Nc4+ 49. Kd3 Nb6 50. Re1+ Kd6 51. Re8 Kc5 52. Rb8 Rd6 53. Nc2
Kxd5 54. Ke2 Ke5 55. Ne3 Nd7 56. Nc4+ Kf6 57. Rb7 Re6+ 58. Kf3 Nc5 59. Rc7 Ne4
60. Ne3 g5 61. h3 Nd2+ 62. Ke2 Nf1 63. Kxf1 Rxe3 64. Kf2 Rd3 65. Kg2 Rd2+ 66.
Kg1 Kg6 67. Rc6+ f6 68. Ra6 Re2 69. Ra5 Rd2 70. Rb5 Kf7 71. Ra5 Ke6 72. Rb5 Rd1+
73. Kf2 Rd2+ 74. Kg1 Rd4 75. Rb2 f5 76. Kg2 h4 77. gxh4 Rxh4 78. Rb6+ Ke5 79.
Rb5+ Kf6 80. Rb6+ Kg7 81. Rb7+ Kg6 82. Rb6+ Kh5 83. Rf6 Rf4 84. Kg3 Rf1 85. Kg2
Rf4 1/2-1/2

[Event "40th ECC Open 2025"]
[Site "Rhodes GRE"]
[Date "2025.10.22"]
[Round "4.153"]
[White "Zadruzny, Nicolaj"]
[Black "Georgescu, Lena"]
[Result "1/2-1/2"]
[WhiteTitle "FM"]
[BlackTitle "FM"]
[WhiteElo "2269"]
[BlackElo "2259"]
[WhiteTeam "SK Rockaden #2 (SWE)"]
[BlackTeam "SG Winterthur"]
[WhiteFideId "1709550"]
[BlackFideId "1331973"]
[EventDate "2025.10.19"]
[EventType "team"]

1. d4 Nf6 2. Nf3 d5 3. Bf4 e6 4. e3 Bd6 5. Nbd2 O-O 6. c3 c5 7. dxc5 Bxc5 8. Bd3
Nc6 9. O-O Re8 10. e4 e5 11. Bg5 d4 12. cxd4 Bxd4 13. Nxd4 Nxd4 14. Nb3 Nxb3 15.
Qxb3 Be6 16. Qa3 h6 17. Bh4 Qb6 18. Bg3 Bd7 19. Rfe1 Nh5 20. Bc4 Nxg3 21. hxg3
Be6 22. Rac1 Bxc4 23. Rxc4 a6 24. Qc3 Qe6 25. b3 Rac8 26. Rc1 Rxc4 27. Qxc4 Qxc4
28. Rxc4 Rd8 29. Kf1 Rd7 30. Rc8+ Kh7 31. Ke2 Kg6 32. Rc5 f6 33. a4 Rd4 34. f3
Rb4 35. Rc3 Kf7 36. Rd3 Ke7 37. g4 Rb6 38. Kd2 Rc6 39. Rc3 Rd6+ 40. Rd3 Rc6 41.
Rc3 Kd6 42. Kd3 Rxc3+ 43. Kxc3 Kc5 44. b4+ Kc6 45. Kc4 b5+ 46. axb5+ 1/2-1/2

[Event "40th ECC Open 2025"]
[Site "Rhodes GRE"]
[Date "2025.10.22"]
[Round "4.154"]
[White "Rappazzo, Johannes"]
[Black "Willstedt, Lukas"]
[Result "1-0"]
[WhiteTitle "FM"]
[WhiteElo "2189"]
[BlackElo "2175"]
[WhiteTeam "SG Winterthur"]
[BlackTeam "SK Rockaden #2 (SWE)"]
[WhiteFideId "1340069"]
[BlackFideId "1751913"]
[EventDate "2025.10.19"]
[EventType "team"]

1. e4 e6 2. d4 d5 3. Nc3 Bb4 4. e5 c5 5. a3 Bxc3+ 6. bxc3 Qa5 7. Bd2 Qa4 8. Qg4
Kf8 9. h4 Qxc2 10. h5 h6 11. Rc1 Qe4+ 12. Qxe4 dxe4 13. Rh4 f5 14. exf6 Nxf6 15.
Ne2 Bd7 16. Nf4 Kf7 17. Ng6 Rc8 18. Ne5+ Kg8 19. Bc4 cxd4 20. cxd4 Re8 21. Bb3
Bc6 22. Rh3 Nfd7 23. Nc4 Nf8 24. Rg3 Kh7 25. Bc2 Rd8 26. f3 Rxd4 27. Ne5 g5 28.
hxg6+ Kg8 29. Bc3 Rd8 30. Nf7 Rd7 31. Nxh6# 1-0

[Event "40th ECC Open 2025"]
[Site "Rhodes GRE"]
[Date "2025.10.22"]
[Round "4.155"]
[White "Nikolic, Vladan"]
[Black "Schiendorfer, Emanuel"]
[Result "0-1"]
[BlackTitle "FM"]
[WhiteElo "2207"]
[BlackElo "2365"]
[WhiteTeam "SK Rockaden #2 (SWE)"]
[BlackTeam "SG Winterthur"]
[WhiteFideId "1710702"]
[BlackFideId "1309889"]
[EventDate "2025.10.19"]
[EventType "team"]

1. d4 d5 2. c4 dxc4 3. e3 Nf6 4. Bxc4 e6 5. Nf3 c5 6. O-O a6 7. b3 cxd4 8. Qxd4
Qc7 9. Bb2 Nc6 10. Qh4 Be7 11. Rd1 b5 12. Be2 Bb7 13. a4 O-O 14. Na3 bxa4 15.
Qxa4 Rfd8 16. Rdc1 Qa5 17. Nc4 Qxa4 18. Rxa4 Nd7 19. Na5 Nxa5 20. Rxa5 Bb4 21.
Rg5 g6 22. h4 Rac8 23. Rxc8 Rxc8 24. Rg4 a5 25. Rc4 Nc5 26. Bd1 Bd5 27. Rc1 Ra8
28. Nd4 Nd3 29. Rb1 Rc8 30. Ba1 e5 31. Nf3 f6 32. Be2 Rc1+ 33. Rxc1 Nxc1 34. Bc4
Bxc4 35. bxc4 Nb3 36. Bb2 a4 37. c5 Nxc5 0-1

[Event "40th ECC Open 2025"]
[Site "Rhodes GRE"]
[Date "2025.10.22"]
[Round "4.156"]
[White "Szakolczai, Peter"]
[Black "Jonsson, Filip"]
[Result "1-0"]
[WhiteTitle "FM"]
[WhiteElo "2125"]
[BlackElo "2127"]
[WhiteTeam "SG Winterthur"]
[BlackTeam "SK Rockaden #2 (SWE)"]
[WhiteFideId "705624"]
[BlackFideId "1739441"]
[EventDate "2025.10.19"]
[EventType "team"]

1. Nf3 d5 2. e3 Nf6 3. c4 g6 4. b3 Bg7 5. Bb2 O-O 6. cxd5 Nxd5 7. Bxg7 Kxg7 8.
Qc2 b6 9. Nc3 Bb7 10. Nxd5 Bxd5 11. h4 Bxf3 12. gxf3 Qd5 13. Qc3+ Kg8 14. Rh3
Nd7 15. h5 Qe5 16. d4 Qf6 17. hxg6 hxg6 18. Qxc7 Rfd8 19. f4 Rac8 20. Qb7 e5 21.
fxe5 Nxe5 22. Qe4 Nc6 23. Rd1 Re8 24. Qh4 Qg7 25. Bc4 Na5 26. Bd3 Nb7 27. Kd2
Nc5 28. dxc5 Rxc5 29. Qd4 1-0

[Event "40th ECC Open 2025"]
[Site "Rhodes GRE"]
[Date "2025.10.23"]
[Round "5.37"]
[White "Erigaisi, Arjun"]
[Black "Keymer, Vincent"]
[Result "1-0"]
[WhiteTitle "GM"]
[BlackTitle "GM"]
[WhiteElo "2773"]
[BlackElo "2755"]
[WhiteTeam "Alkaloid"]
[BlackTeam "Novy Bor"]
[WhiteFideId "35009192"]
[BlackFideId "12940690"]
[EventDate "2025.10.19"]
[EventType "team"]

1. d4 Nf6 2. c4 e6 3. Nf3 b6 4. a3 Bb7 5. Nc3 Ne4 6. Nxe4 Bxe4 7. Ng5 Bg6 8. g3
h6 9. Bg2 hxg5 10. Bxa8 c6 11. O-O Be7 12. d5 Qc7 13. Be3 a6 14. Qd4 Qa7 15.
Qxg7 Rf8 16. Bxc6 dxc6 17. dxe6 Qb7 18. Rfd1 c5 19. Rd5 Be4 20. exf7+ Rxf7 21.
Qh8+ Rf8 22. Qh5+ Rf7 23. Re5 Nd7 24. Rxe7+ Kxe7 25. Bxg5+ Ke8 26. Rd1 Bh7 27.
Qh6 Bf5 28. Rd5 Rh7 29. Qd6 Bh3 30. Qg6+ Rf7 31. Qg8+ Rf8 32. Qg7 1-0

[Event "40th ECC Open 2025"]
[Site "Rhodes GRE"]
[Date "2025.10.23"]
[Round "5.38"]
[White "Vidit, Santosh Gujrathi"]
[Black "Wei, Yi"]
[Result "1/2-1/2"]
[WhiteTitle "GM"]
[BlackTitle "GM"]
[WhiteElo "2716"]
[BlackElo "2754"]
[WhiteTeam "Novy Bor"]
[BlackTeam "Alkaloid"]
[WhiteFideId "5029465"]
[BlackFideId "8603405"]
[EventDate "2025.10.19"]
[EventType "team"]

1. e4 e5 2. Nf3 Nf6 3. Nxe5 d6 4. Nf3 Nxe4 5. d4 d5 6. Bd3 Bf5 7. O-O Be7 8. Re1
O-O 9. Nbd2 Nd6 10. Nf1 Bg6 11. Ne5 Bxd3 12. Nxd3 Re8 13. Bf4 Nd7 14. c3 c6 15.
Qb3 Nb6 16. Nc5 Qc7 17. Ne3 Bf8 18. Nf5 Nbc4 19. Qc2 b6 20. Nd3 Qd7 21. Nxd6
Bxd6 22. Bxd6 Qxd6 23. Re2 Re4 24. Rae1 Rae8 25. g3 g6 26. Nf4 Rxe2 27. Rxe2
Rxe2 28. Qxe2 Kf8 29. Nd3 Qe7 30. Qxe7+ Kxe7 31. Kf1 1/2-1/2

[Event "40th ECC Open 2025"]
[Site "Rhodes GRE"]
[Date "2025.10.23"]
[Round "5.39"]
[White "Yu, Yangyi"]
[Black "Harikrishna, Pentala"]
[Result "1-0"]
[WhiteTitle "GM"]
[BlackTitle "GM"]
[WhiteElo "2720"]
[BlackElo "2697"]
[WhiteTeam "Alkaloid"]
[BlackTeam "Novy Bor"]
[WhiteFideId "8603820"]
[BlackFideId "5007003"]
[EventDate "2025.10.19"]
[EventType "team"]

1. c4 e5 2. g3 c6 3. d4 d6 4. Nc3 Nf6 5. Bg2 Be6 6. d5 cxd5 7. cxd5 Bd7 8. Nf3
b5 9. Bg5 Na6 10. O-O b4 11. Ne4 Be7 12. Nxe5 Nxe4 13. Bxe7 Qxe7 14. Nxd7 Nxg3
15. Nf6+ gxf6 16. hxg3 Nc5 17. Rc1 Rb8 18. Rc4 h5 19. Rh4 Qe5 20. Qd2 b3 21. a3
Rg8 22. Rb4 Rb6 23. Rc1 Qg5 24. Rf4 h4 25. Rc3 Kf8 26. Re3 hxg3 27. Rxg3 Qe5 28.
Rxg8+ Kxg8 29. Rg4+ Kf8 30. Qh6+ Ke7 31. Rg8 Nd7 32. Qh8 Rb8 33. Rxb8 Nxb8 34.
Qxb8 Qxb2 35. Qc7+ Ke8 36. Qxd6 Qc1+ 37. Kh2 b2 38. Bh3 1-0

[Event "40th ECC Open 2025"]
[Site "Rhodes GRE"]
[Date "2025.10.23"]
[Round "5.40"]
[White "Navara, David"]
[Black "Aravindh, Chithambaram VR."]
[Result "1/2-1/2"]
[WhiteTitle "GM"]
[BlackTitle "GM"]
[WhiteElo "2656"]
[BlackElo "2711"]
[WhiteTeam "Novy Bor"]
[BlackTeam "Alkaloid"]
[WhiteFideId "309095"]
[BlackFideId "5072786"]
[EventDate "2025.10.19"]
[EventType "team"]

1. e4 c5 2. Nf3 e6 3. d4 cxd4 4. Nxd4 Nf6 5. Nc3 Nc6 6. Nxc6 bxc6 7. e5 Nd5 8.
Ne4 Qc7 9. f4 Qb6 10. c4 Bb4+ 11. Ke2 f5 12. Nf2 Ba6 13. Kf3 Ne7 14. Be3 Bc5 15.
Bxc5 Qxc5 16. Qd6 Qb6 17. b3 c5 18. Rd1 Bb7+ 19. Ke3 Kf7 20. Qxb6 axb6 21. Rxd7
Bc6 22. Rd2 g5 23. fxg5 Ng6 24. Nd3 h6 25. gxh6 Rxh6 26. h4 Rah8 27. h5 Rxh5 28.
Rxh5 Rxh5 29. Nf4 Nxf4 30. Kxf4 Rh1 31. Be2 Bxg2 32. Rd7+ Ke8 33. Rd6 Ke7 34.
Rxb6 Re1 35. Ke3 Bf1 36. Rb7+ Kd8 37. Kf2 Rxe2+ 38. Kxf1 Rxa2 39. Rb6 Ke7 40.
Rb7+ Kd8 41. Rb6 Ke7 42. Rb7+ Kd8 1/2-1/2